Top 10 the most populous countries in Australia and Oceania - Statistics

General Stats
  • This quiz has been taken 29 times
  • The average score is 9 of 10
Answer Stats
Population Answer % Correct
5,092,177 New Zealand
100%
8,935,000 Papua New Guinea
100%
25,675,206 Australia
96%
896,445 Fiji
93%
120,100 Kiribati
93%
199,052 Samoa
93%
667,044 Solomon Islands
89%
100,651 Tonga
89%
103,000 Federated States of Micronesia
86%
304,500 Vanuatu
79%
No matching quizzes found
Score Distribution
Percent of People with Each Score
Percentile by Number Answered
Your Score History
You have not taken this quiz